| 000 | 00787nam a22002417a 4500 | ||
|---|---|---|---|
| 999 |
_c15186 _d15186 |
||
| 003 | AR-CdUCM | ||
| 008 | 190426b ||||| |||| 00| 0 spa d | ||
| 020 | _a9789587667097 | ||
| 040 |
_aMUNICIPALIDAD PROVINCIAL DEL CUSCO _cBIBLIOTECA MUNICIPAL DEL CUSCO |
||
| 041 | _heng | ||
| 082 |
_aPI / 376.1 / _bL59 |
||
| 245 |
_aEl libro de las cosas : _bcon más de 250 palabras / |
||
| 260 |
_aBogotá : _bPanamericana, _c2015. |
||
| 300 |
_bilustraciones, _c25 cm. |
||
| 650 |
_aAprendizaje infantil _933271 |
||
| 650 |
_aDesarrollo _92021 |
||
| 650 |
_aLiteratura infantil _9588 |
||
| 700 |
_aLópez de Mesa, Diana (traducción) _934217 |
||
| 700 |
_aDyer, Sarah (ilustraciones) _934218 |
||
| 710 |
_aPanamericana Editorial. _933177 |
||
| 942 |
_2ddc _cLIBROS |
||
| 945 |
_aachl _d2019-04-26 |
||